000 00360nam a2200157Ia 4500
100 _aBeer/Ferdinand/ Johnson R
250 _a3
942 _cBK
654 _aEngineers Dynamics
245 _aVector Mechanics for Engineers Dynamics
260 _bTata Mc Graw hill
_c1999
082 _a620.1
_bBEE/JOH
300 _a1323
546 _aENGLISH
999 _c22209
_d22209